| 000 | 00753nam a22002057a 4500 | ||
|---|---|---|---|
| 008 | 130821s1989 xxu gr deng | ||
| 020 | _a0453006884 | ||
| 040 |
_aCo-BoUCM _bspa |
||
| 041 | 0 | 0 | _aeng |
| 100 | 1 |
_aBuchholz, Todd G. _9171256 |
|
| 245 | 1 | 0 |
_aNew ideas from dead economists an introduction to modern economic thought _cTodd G. Buchholz ; con Martin Feldstein. |
| 260 |
_aNueva York (Estados Unidos) _bNew American Library _cc1989 |
||
| 300 | _axi, 321 páginas | ||
| 504 | _aIncluye referencias bibliográficas e índice. | ||
| 650 | 0 | 4 |
_aEconomía _9174 |
| 650 | 0 | 4 |
_aEconomía _xHistoria _933748 |
| 650 | 0 | 4 |
_aEconomistas _vBiografías _955455 |
| 942 |
_cLIBRO _a7 _e1 _mB919n _2DEWEY _h330.0922 |
||
| 999 |
_c89249 _d89249 |
||